[Event "Vientiane op"]
[Site "Vientiane"]
[Date "2018.12.23"]
[Round "9"]
[White "Vaingorten, Yaaqov"]
[Black "Smit, Gabriel"]
[Result "1-0"]
[WhiteElo "2213"]
[BlackElo "1658"]
[PlyCount "71"]
[EventDate "2018.12.18"]
[EventType "swiss"]
[EventRounds "9"]
[EventCountry "LAO"]
[SourceTitle "CBM 187 Extra"]
[Source "ChessBase"]
[SourceDate "2018.11.04"]
[SourceVersion "1"]
[SourceVersionDate "2018.11.04"]
[SourceQuality "1"]

1. d4 g6 2. Nf3 Bg7 3. e4 d6 4. c4 c6 5. Nc3 Nd7 6. Be2 e5 7. 0-0 Ngf6 8. Qc2 0-0 9. Rd1 Qc7 10. Be3 exd4 11. Nxd4 Re8 12. Rac1 Nc5 13. f3 Nfd7 14. b4 Ne6 15. Nb3 Be5 16. Qd2 g5 17. g3 Bf6 18. a3 Be7 19. Nd5 cxd5 20. cxd5 Qd8 21. dxe6 fxe6 22. Nd4 Ne5 23. Nb5 Nf7 24. Nc7 Bd7 25. Nxa8 Qxa8 26. f4 Bc6 27. Bf3 b6 28. Qd3 Rf8 29. Bg2 Qe8 30. Qc4 Bd7 31. Qe2 Bf6 32. Rc7 Bb5 33. Qh5 d5 34. fxg5 Be5 35. g6 hxg6 36. Qxg6+ 1-0

[Event "Vientiane op"]
[Site "Vientiane"]
[Date "2018.12.21"]
[Round "7"]
[White "Vaingorten, Yaaqov"]
[Black "Tan, Matthew"]
[Result "1/2-1/2"]
[WhiteElo "2213"]
[BlackElo "2422"]
[PlyCount "70"]
[EventDate "2018.12.18"]
[EventType "swiss"]
[EventRounds "9"]
[EventCountry "LAO"]
[SourceTitle "CBM 187 Extra"]
[Source "ChessBase"]
[SourceDate "2018.11.04"]
[SourceVersion "1"]
[SourceVersionDate "2018.11.04"]
[SourceQuality "1"]

1. e4 e6 2. d4 d5 3. exd5 exd5 4. Nf3 Nc6 5. c4 Bg4 6. Be3 Nf6 7. Nc3 dxc4 8. Bxc4 Bd6 9. 0-0 0-0 10. h3 Bh5 11. Rc1 a6 12. g4 Bg6 13. Nh4 b5 14. Nxg6 hxg6 15. Be2 Ne7 16. Bf3 Rb8 17. Ne4 Nfd5 18. Nc5 Rb6 19. Re1 Bf4 20. Bg2 g5 21. Qf3 Rh6 22. Nd3 Rf6 23. Bxf4 Nxf4 24. Nxf4 Rxf4 25. Qe3 Nd5 26. Bxd5 Qxd5 27. Rc5 Qxd4 28. Qxd4 Rxd4 29. Rxc7 Rd2 30. Ra7 Rxb2 31. Rxa6 f5 32. Re7 fxg4 33. Raa7 Rfxf2 34. Rxg7+ Kf8 35. Rh7 Kg8 1/2-1/2

[Event "Vientiane op"]
[Site "Vientiane"]
[Date "2018.12.19"]
[Round "4"]
[White "Hornell, Colin"]
[Black "Vaingorten, Yaaqov"]
[Result "1-0"]
[WhiteElo "2110"]
[BlackElo "2213"]
[PlyCount "71"]
[EventDate "2018.12.18"]
[EventType "swiss"]
[EventRounds "9"]
[EventCountry "LAO"]
[SourceTitle "CBM 187 Extra"]
[Source "ChessBase"]
[SourceDate "2018.11.04"]
[SourceVersion "1"]
[SourceVersionDate "2018.11.04"]
[SourceQuality "1"]

1. d4 f5 2. Bg5 h6 3. Bh4 g5 4. Bg3 Nf6 5. e3 d6 6. h4 g4 7. h5 Be6 8. Bd3 Qd7 9. c4 Bf7 10. Qc2 e6 11. Ne2 Nc6 12. a3 Ne7 13. Nbc3 Nxh5 14. Bh4 Bg7 15. Bxe7 Qxe7 16. d5 Bxc3+ 17. Qxc3 Nf6 18. dxe6 Qxe6 19. Nd4 Qe5 20. Qb3 g3 21. 0-0-0 gxf2 22. Bxf5 0-0 23. Bc2 Ne4 24. Qd3 Rae8 25. Rxh6 Kg7 26. Rh4 Bg6 27. Nf3 Qf6 28. Rf4 Qe7 29. Qd4+ Nf6 30. Rg4 Qxe3+ 31. Qxe3 Rxe3 32. Rxg6+ Kf7 33. Rf1 Re2 34. Bd3 Re3 35. Ng5+ Ke8 36. Rxf2 1-0

[Event "Vientiane op"]
[Site "Vientiane"]
[Date "2018.12.18"]
[Round "1"]
[White "Vaingorten, Yaaqov"]
[Black "Rangkaew, Katunchalee"]
[Result "1-0"]
[WhiteElo "2213"]
[BlackElo "1466"]
[PlyCount "33"]
[EventDate "2018.12.18"]
[EventType "swiss"]
[EventRounds "9"]
[EventCountry "LAO"]
[SourceTitle "CBM 187 Extra"]
[Source "ChessBase"]
[SourceDate "2018.11.04"]
[SourceVersion "1"]
[SourceVersionDate "2018.11.04"]
[SourceQuality "1"]

1. d4 Nf6 2. c4 e5 3. dxe5 Ng4 4. Bf4 Bb4+ 5. Nd2 Nc6 6. Ngf3 Qe7 7. e3 Ngxe5 8. Nxe5 Nxe5 9. Be2 0-0 10. 0-0 d6 11. Nb3 Be6 12. a3 Nxc4 13. axb4 Nb6 14. b5 Qf6 15. Nd4 Bc4 16. Bxc4 Nxc4 17. Qc2 1-0

[Event "Pattaya op"]
[Site "Pattaya"]
[Date "2018.10.30"]
[Round "8"]
[White "Pourramezanali, Amirreza"]
[Black "Vaingorten, Yaaqov"]
[Result "1-0"]
[WhiteElo "2533"]
[BlackElo "2224"]
[PlyCount "77"]
[EventDate "2018.10.24"]
[EventType "swiss"]
[EventRounds "9"]
[EventCountry "THA"]
[SourceTitle "CBM 187 Extra"]
[Source "ChessBase"]
[SourceDate "2018.11.04"]
[SourceVersion "1"]
[SourceVersionDate "2018.11.04"]
[SourceQuality "1"]

1. d4 f5 2. Nc3 Nf6 3. Bg5 d5 4. Bxf6 exf6 5. e3 Be6 6. Bd3 Nc6 7. Nh3 g5 8. Ng1 Qd7 9. Nge2 0-0-0 10. Qd2 Ne7 11. 0-0-0 Kb8 12. Kb1 Nc8 13. Nc1 Nd6 14. f3 Bh6 15. Nb3 b6 16. e4 fxe4 17. fxe4 dxe4 18. Nxe4 Nxe4 19. Bxe4 f5 20. Bf3 Bd5 21. Bxd5 Qxd5 22. h4 f4 23. Qe2 g4 24. Rhf1 f3 25. gxf3 g3 26. Qg2 Rhg8 27. Rde1 Rdf8 28. Re5 Qd8 29. f4 c6 30. f5 Qd6 31. Rf3 Rd8 32. a4 Rg4 33. Rxg3 Rxh4 34. Rg8 Bf8 35. Re6 Qf4 36. Qxc6 Qf1+ 37. Ka2 Qxf5 38. Re8 Qc8 39. Qxc8+ 1-0

[Event "Bangkok Cha Am op 18th"]
[Site "Bangkog"]
[Date "2018.04.16"]
[Round "4"]
[White "Priasmoro, Novendra"]
[Black "Vaingorten, Yaaqov"]
[Result "1-0"]
[WhiteElo "2449"]
[BlackElo "2226"]
[PlyCount "92"]
[EventDate "2018.04.13"]
[EventType "swiss"]
[EventRounds "9"]
[EventCountry "THA"]
[SourceTitle "CBM 184 Extra"]
[Source "ChessBase"]
[SourceDate "2018.06.28"]
[SourceVersion "1"]
[SourceVersionDate "2018.06.28"]
[SourceQuality "1"]

1. e4 e5 2. Nf3 Nc6 3. Bb5 f5 4. d3 fxe4 5. dxe4 Nf6 6. 0-0 Bc5 7. Bxc6 bxc6 8. Nxe5 0-0 9. Bg5 d6 10. Nd3 Bd4 11. c3 Bb6 12. Nd2 Qe8 13. Bxf6 Rxf6 14. c4 Qf7 15. Rc1 h5 16. Kh1 Bxf2 17. e5 Bg4 18. Qa4 Rf5 19. e6 Qxe6 20. Rxf2 Qe3 21. Rxf5 Bxf5 22. Qxc6 Rf8 23. Qd5+ Be6 24. Qe4 Qxd2 25. Qxe6+ Kh8 26. Rg1 Qxd3 27. Qe7 Rf2 28. Qe8+ Kh7 29. Qxh5+ Kg8 30. Qb5 Qe2 31. Qb8+ Kh7 32. Qxa7 Qxb2 33. a4 c5 34. Qe7 Qd4 35. Qe6 Ra2 36. Qf5+ Kh6 37. Rf1 Rxa4 38. g4 Qe5 39. g5+ Kh5 40. Qh7+ Kg4 41. h3+ Kg3 42. Qd3+ Kh4 43. Rg1 g6 44. Qxg6 Qh8 45. Rg4+ Kxh3 46. Qf5 Ra2 1-0

[Event "Ontario Closed"]
[Site "Ottawa"]
[Date "2005.03.05"]
[Round "2"]
[White "Molchanov, Yevhen"]
[Black "Vaingorten, Yaaqov"]
[Result "1-0"]
[WhiteElo "2186"]
[BlackElo "2389"]
[PlyCount "73"]
[EventDate "2005.03.04"]
[EventType "swiss"]
[EventRounds "5"]
[EventCountry "CAN"]
[SourceTitle "EXT 2006"]
[Source "ChessBase"]
[SourceDate "2005.11.24"]
[SourceVersion "1"]
[SourceVersionDate "2005.11.24"]
[SourceQuality "1"]

1. d4 Nf6 2. Nf3 e6 3. e3 b6 4. Nbd2 Bb7 5. Bd3 Be7 6. 0-0 d5 7. c4 0-0 8. b3 Nbd7 9. Bb2 Ne4 10. Qc2 Ndf6 11. Rac1 Nxd2 12. Nxd2 dxc4 13. Nxc4 Rc8 14. e4 h6 15. Qe2 Re8 16. Rfd1 c6 17. e5 Nd5 18. Qe4 g6 19. h4 b5 20. h5 bxc4 21. bxc4 Nb4 22. Bb1 Qb6 23. hxg6 f5 24. exf6 Bxf6 25. g7 Bxg7 26. Rc3 Re7 27. Rf3 Rf7 28. Qxe6 Qc7 29. Bg6 Rcf8 30. Ba3 a5 31. Bxb4 axb4 32. Rdd3 Qd7 33. Bxf7+ Rxf7 34. Qe4 Rxf3 35. Qxf3 Bxd4 36. c5 Kh8 37. Qe4 1-0

[Event "Ontario Closed"]
[Site "Ottawa"]
[Date "2005.03.04"]
[Round "1"]
[White "Vaingorten, Yaaqov"]
[Black "Predescu, Sebastian"]
[Result "0-1"]
[WhiteElo "2389"]
[BlackElo "2245"]
[PlyCount "74"]
[EventDate "2005.03.04"]
[EventType "swiss"]
[EventRounds "5"]
[EventCountry "CAN"]
[SourceTitle "EXT 2006"]
[Source "ChessBase"]
[SourceDate "2005.11.24"]
[SourceVersion "1"]
[SourceVersionDate "2005.11.24"]
[SourceQuality "1"]

1. d4 Nf6 2. c4 g6 3. Nc3 Bg7 4. e4 d6 5. Nf3 0-0 6. Be2 e5 7. 0-0 Na6 8. Re1 c6 9. Bf1 Bg4 10. Be3 Bxf3 11. Qxf3 Ng4 12. Qxg4 exd4 13. Bg5 f6 14. Bd2 f5 15. Qh3 dxc3 16. Bxc3 fxe4 17. Qe6+ Rf7 18. Bxg7 Nc5 19. Qh3 Kxg7 20. Qc3+ Qf6 21. Qxf6+ Rxf6 22. b4 Nd3 23. Bxd3 exd3 24. g3 a5 25. b5 cxb5 26. cxb5 Rc8 27. Rad1 Rc2 28. Rxd3 Rfxf2 29. Re7+ Kh6 30. Rxb7 Rg2+ 31. Kh1 Rxh2+ 32. Kg1 Rcg2+ 33. Kf1 Rxa2 34. Kg1 Rag2+ 35. Kf1 Rb2 36. Kg1 Rhc2 37. Rf3 Kg5 0-1

[Event "Toronto Premier"]
[Site "Toronto"]
[Date "2004.04.18"]
[Round "11"]
[White "Vaingorten, Yaaqov"]
[Black "Noritsyn, Nikolay"]
[Result "1-0"]
[WhiteElo "2263"]
[BlackElo "2153"]
[PlyCount "61"]
[EventDate "2004.01.??"]
[EventType "tourn"]
[EventRounds "11"]
[EventCountry "CAN"]
[SourceTitle "EXT 2005"]
[Source "ChessBase"]
[SourceDate "2004.11.15"]
[SourceVersion "1"]
[SourceVersionDate "2004.11.15"]
[SourceQuality "1"]

1. d4 d5 2. c4 e6 3. Nc3 Be7 4. Nf3 Nf6 5. Bg5 h6 6. Bh4 0-0 7. e3 b6 8. Bd3 Bb7 9. 0-0 dxc4 10. Bxc4 Ne4 11. Bg3 Nxg3 12. hxg3 Nd7 13. Qe2 a6 14. Rad1 Nf6 15. e4 Re8 16. Bd3 Bb4 17. e5 Nd7 18. Ne4 Nf8 19. g4 Be7 20. Qe3 Nh7 21. Bb1 Bd5 22. Nfd2 Bb4 23. Qg3 Bb7 24. Nc4 Be7 25. f4 Rf8 26. Qd3 f5 27. exf6 Nxf6 28. Nxf6+ Bxf6 29. Ne5 Rf7 30. Qg6 Rd7 31. g5 1-0

[Event "Toronto Premier"]
[Site "Toronto"]
[Date "2004.03.25"]
[Round "6"]
[White "Vaingorten, Yaaqov"]
[Black "Stevens, Christian"]
[Result "1-0"]
[WhiteElo "2263"]
[BlackElo "2264"]
[PlyCount "79"]
[EventDate "2004.01.??"]
[EventType "tourn"]
[EventRounds "11"]
[EventCountry "CAN"]
[SourceTitle "EXT 2005"]
[Source "ChessBase"]
[SourceDate "2004.11.15"]
[SourceVersion "1"]
[SourceVersionDate "2004.11.15"]
[SourceQuality "1"]

1. d4 g6 2. c4 Bg7 3. Nc3 Nc6 4. d5 Nb8 5. e4 d6 6. Nf3 Nf6 7. Be2 0-0 8. 0-0 Na6 9. Re1 e6 10. Bf1 Nc5 11. h3 Re8 12. e5 dxe5 13. Rxe5 exd5 14. Rxe8+ Nxe8 15. cxd5 Nd6 16. Bg5 Bf6 17. Be3 Nd7 18. Rc1 Ne5 19. b3 a6 20. Nd4 g5 21. Be2 Qf8 22. Na4 Bd8 23. Nc5 Qg7 24. Nd3 Ng6 25. Nc5 Ne5 26. Nf3 Ng6 27. Bd4 Qf8 28. Bb2 g4 29. hxg4 Bxg4 30. Qd4 Bc8 31. Ne4 Nf5 32. Qc3 Bd7 33. Bd3 c6 34. d6 b6 35. g4 Nh6 36. Ne5 Nxe5 37. Qxe5 f6 38. Bc4+ Kg7 39. Qg5+ Kh8 40. Nxf6 1-0

[Event "Toronto Premier"]
[Site "Toronto"]
[Date "2004.03.25"]
[Round "2"]
[White "Vaingorten, Yaaqov"]
[Black "Thavandiran, Shiyam"]
[Result "1-0"]
[WhiteElo "2263"]
[BlackElo "2123"]
[PlyCount "70"]
[EventDate "2004.01.??"]
[EventType "tourn"]
[EventRounds "11"]
[EventCountry "CAN"]
[SourceTitle "EXT 2005"]
[Source "ChessBase"]
[SourceDate "2004.11.15"]
[SourceVersion "1"]
[SourceVersionDate "2004.11.15"]
[SourceQuality "1"]

1. d4 d5 2. Bg5 f6 3. Bh4 Nh6 4. f3 c5 5. dxc5 Qa5+ 6. Qd2 Qxd2+ 7. Nxd2 d4 8. Bf2 Nf5 9. g4 Ne3 10. Bxe3 dxe3 11. Nc4 e5 12. Nxe3 Be6 13. Nf5 Bxf5 14. gxf5 Bxc5 15. e4 Ke7 16. Bb5 g6 17. Ne2 gxf5 18. Ng3 fxe4 19. fxe4 Rd8 20. Ke2 Nc6 21. Bxc6 bxc6 22. Rad1 a5 23. Rxd8 Rxd8 24. Rf1 a4 25. Rf3 Rb8 26. b3 Ra8 27. Rc3 axb3 28. axb3 Ra5 29. Nf5+ Kf8 30. h4 Kf7 31. h5 Kf8 32. b4 Bxb4 33. Rxc6 Kf7 34. Rc7+ Kg8 35. Rg7+ Kh8 1-0

[Event "Toronto CMA Futurity qual"]
[Site "Toronto"]
[Date "2002.07.27"]
[Round "3"]
[White "Vaingorten, Yaaqov"]
[Black "Radulovic, Dusko"]
[Result "1-0"]
[WhiteElo "2343"]
[BlackElo "2300"]
[PlyCount "109"]
[EventDate "2002.07.26"]
[EventType "swiss"]
[EventRounds "5"]
[EventCountry "CAN"]
[SourceTitle "EXT 2003"]
[Source "ChessBase"]
[SourceDate "2002.11.25"]
[SourceVersion "1"]
[SourceVersionDate "2002.11.25"]
[SourceQuality "1"]

1. d4 d5 2. c4 e6 3. Nf3 c5 4. cxd5 exd5 5. Nc3 Nc6 6. g3 Nf6 7. Bg2 Be7 8. 0-0 0-0 9. Bg5 cxd4 10. Nxd4 h6 11. Be3 Bg4 12. Qa4 Qd7 13. Rfd1 Bh3 14. Bh1 Rfd8 15. Nb3 Qf5 16. Qb5 Ng4 17. Be4 Qf6 18. Nxd5 Qe6 19. Bh1 Nxe3 20. Nxe3 Rab8 21. Nd5 Bd6 22. Rd2 Kh8 23. Rad1 Bf5 24. Nc5 Bxc5 25. Qxc5 Be4 26. Bxe4 Qxe4 27. Nc3 Qe8 28. Nb5 Rxd2 29. Rxd2 a6 30. Nd6 Qe6 31. Qc4 Qxc4 32. Nxc4 b5 33. Nd6 Kg8 34. Ne4 Rd8 35. Rxd8+ Nxd8 36. Kf1 Kf8 37. Ke1 Ke7 38. Kd2 Ne6 39. g4 Kd7 40. e3 Kc6 41. Kd3 Kd5 42. b4 Nd8 43. f4 Nc6 44. a3 g6 45. Nc5 Nb8 46. e4+ Kd6 47. h4 f6 48. Ke3 Kc7 49. Kd4 Kd6 50. e5+ fxe5+ 51. fxe5+ Kc6 52. h5 gxh5 53. gxh5 Kb6 54. Kd5 Nc6 55. Nxa6 1-0

[Event "Toronto CMA Futurity qual"]
[Site "Toronto"]
[Date "2002.07.26"]
[Round "1"]
[White "Buscar, Michael"]
[Black "Vaingorten, Yaaqov"]
[Result "0-1"]
[WhiteElo "2060"]
[BlackElo "2343"]
[PlyCount "88"]
[EventDate "2002.07.26"]
[EventType "swiss"]
[EventRounds "5"]
[EventCountry "CAN"]
[SourceTitle "EXT 2003"]
[Source "ChessBase"]
[SourceDate "2002.11.25"]
[SourceVersion "1"]
[SourceVersionDate "2002.11.25"]
[SourceQuality "1"]

1. d4 d5 2. c4 e6 3. cxd5 exd5 4. Nc3 c6 5. Nf3 Bd6 6. Bg5 f6 7. Bh4 Ne7 8. e3 0-0 9. Bd3 Bf5 10. 0-0 Nd7 11. Re1 Nb6 12. e4 dxe4 13. Qb3+ Kh8 14. Bxe4 Qd7 15. Rad1 Rad8 16. a4 Be6 17. Qc2 Bg8 18. Bd3 Ned5 19. Bf5 Nb4 20. Qe4 Qc7 21. Qg4 Rfe8 22. Ne4 N6d5 23. Nxd6 Qxd6 24. Ne5 fxe5 25. dxe5 Qc7 26. Bxd8 Qxd8 27. Re4 Qe7 28. Qh5 Rf8 29. g4 g6 30. Bxg6 Nf4 31. Rxf4 Rxf4 32. Rd6 Nd5 33. h3 Rf8 34. Be4 Qg7 35. f3 Nf4 36. Qh6 Qxh6 37. Rxh6 Re8 38. a5 a6 39. Bxc6 bxc6 40. Rxc6 Rxe5 41. Rxa6 Re2 42. b4 Rg2+ 43. Kh1 Rb2 44. Rb6 Bd5 0-1

[Event "Petrov Memorial op"]
[Site "St Petersburg"]
[Date "2002.02.16"]
[Round "5"]
[White "Vaingorten, Yaaqov"]
[Black "Lysyj, Igor"]
[Result "1/2-1/2"]
[WhiteElo "2215"]
[BlackElo "2330"]
[PlyCount "119"]
[EventDate "2002.02.12"]
[EventType "swiss"]
[EventRounds "9"]
[EventCountry "RUS"]
[SourceTitle "CBM 086 Extra"]
[Source "ChessBase"]
[SourceDate "2002.03.14"]
[SourceVersion "1"]
[SourceVersionDate "2002.03.14"]
[SourceQuality "1"]

1. d4 e6 2. c4 c5 3. d5 exd5 4. cxd5 d6 5. Nc3 g6 6. Nf3 Nf6 7. g3 Bg7 8. Bg2 Na6 9. 0-0 0-0 10. Bf4 Nc7 11. a4 Nh5 12. Bg5 f6 13. Bd2 f5 14. Bg5 Nf6 15. Qc1 b6 16. b4 Qd7 17. Rb1 Ba6 18. b5 Bb7 19. Rd1 Nfxd5 20. Nxd5 Nxd5 21. Qc4 Qf7 22. Rbc1 h6 23. Qh4 Nf6 24. Bxh6 Bxf3 25. Bxf3 d5 26. Bxg7 Kxg7 27. Rd3 Rae8 28. Rcd1 d4 29. e3 Ne4 30. exd4 c4 31. Ra3 Qd5 32. Qf4 Rf7 33. Qc1 Rc7 34. Re3 Kf6 35. Qc2 Rce7 36. Rc1 Qxd4 37. Qxc4 Qxc4 38. Rxc4 Nc5 39. Rxe7 Rxe7 40. Rd4 Re1+ 41. Kg2 Ra1 42. Rd6+ Kg7 43. h4 Rxa4 44. Bc6 Kf7 45. Kf3 Ne4 46. Bd5+ Kg7 47. Re6 Nc5 48. Rc6 Nd3 49. Kg2 Ne5 50. Re6 Nd3 51. Re7+ Kf6 52. Re6+ Kg7 53. f4 Rd4 54. Re7+ Kf8 55. Rf7+ Ke8 56. Ba2 Ra4 57. Bd5 Rd4 58. Ba2 Ra4 59. Bd5 Rd4 60. Ba2 1/2-1/2

[Event "Kitchener Masters"]
[Site "Kitchener"]
[Date "2001.09.30"]
[Round "9"]
[White "Vaingorten, Yaaqov"]
[Black "Jung, Hans Rudolf"]
[Result "1-0"]
[WhiteElo "2250"]
[BlackElo "2291"]
[PlyCount "41"]
[EventDate "2001.09.15"]
[EventType "tourn"]
[EventRounds "9"]
[EventCountry "CAN"]
[SourceTitle "EXT 2022"]
[Source "ChessBase"]
[SourceDate "2021.10.06"]
[SourceVersion "1"]
[SourceVersionDate "2021.10.06"]
[SourceQuality "1"]

1. d4 d5 2. Nf3 Nc6 3. g3 Bf5 4. Bg2 Qd7 5. c4 f6 6. Nc3 Nb4 7. 0-0 Nc2 8. Rb1 Nb4 9. e4 dxe4 10. Nh4 Bg4 11. Qb3 c5 12. Bxe4 Qxd4 13. a3 a5 14. axb4 cxb4 15. Be3 Qd7 16. Na4 Qc7 17. Ng6 hxg6 18. Bxg6+ Kd7 19. Nb6+ Kc6 20. Be4+ Kd6 21. Qd3+ 1-0

[Event "St Petersburg White Nights op"]
[Site "St Petersburg"]
[Date "2001.06.16"]
[Round "8"]
[White "Utnasunov, Alexander"]
[Black "Vaingorten, Yaaqov"]
[Result "0-1"]
[WhiteElo "2291"]
[BlackElo "2192"]
[PlyCount "82"]
[EventDate "2001.06.09"]
[EventType "swiss"]
[EventRounds "9"]
[EventCountry "RUS"]
[SourceTitle "CBM 082 Extra"]
[Source "ChessBase"]
[SourceDate "2001.07.03"]
[SourceVersion "1"]
[SourceVersionDate "2001.07.03"]
[SourceQuality "1"]

1. d4 Nf6 2. c4 e6 3. Nc3 Bb4 4. f3 d5 5. a3 Bxc3+ 6. bxc3 c5 7. cxd5 Nxd5 8. dxc5 Qa5 9. e4 Ne7 10. Be3 e5 11. Qb3 0-0 12. Bc4 Nd7 13. Nh3 h6 14. Nf2 Qc7 15. Nd3 b6 16. cxb6 Nxb6 17. Bxb6 axb6 18. 0-0 Bd7 19. f4 b5 20. Bd5 Nxd5 21. exd5 exf4 22. Rxf4 Rac8 23. Rc1 Rfe8 24. Qb4 Qa7+ 25. Kf1 Qe3 26. Rf3 Qg5 27. Qd6 Bg4 28. Rg3 Re3 29. Nf4 Re4 30. Nd3 Qd2 31. h3 Be2+ 32. Kg1 Bxd3 33. Ra1 Qxc3 34. Rd1 Re1+ 35. Rxe1 Qxe1+ 36. Kh2 Bg6 37. Qf4 Rc1 38. Re3 Qh1+ 39. Kg3 Qd1 40. d6 Rc4 41. Qe5 Qd4 0-1

[Event "St Petersburg White Nights op"]
[Site "St Petersburg"]
[Date "2001.06.15"]
[Round "7"]
[White "Vaingorten, Yaaqov"]
[Black "Gusev, Aleksey"]
[Result "1/2-1/2"]
[WhiteElo "2192"]
[BlackElo "2383"]
[PlyCount "48"]
[EventDate "2001.06.09"]
[EventType "swiss"]
[EventRounds "9"]
[EventCountry "RUS"]
[SourceTitle "CBM 082 Extra"]
[Source "ChessBase"]
[SourceDate "2001.07.03"]
[SourceVersion "1"]
[SourceVersionDate "2001.07.03"]
[SourceQuality "1"]

1. d4 Nf6 2. c4 e6 3. Nf3 d5 4. cxd5 exd5 5. Nc3 Be7 6. Bg5 Nbd7 7. e3 0-0 8. Bd3 Re8 9. Qc2 c6 10. 0-0 Nf8 11. Bxf6 Bxf6 12. b4 Qd6 13. b5 Bg4 14. bxc6 bxc6 15. Nd2 Be7 16. Na4 Qh6 17. Nc5 Bd6 18. g3 Rac8 19. Rab1 Ne6 20. Nxe6 fxe6 21. Nb3 Bf3 22. Nd2 Bg4 23. Nb3 Bf3 24. Nd2 Bg4 1/2-1/2

[Event "St Petersburg White Nights op"]
[Site "St Petersburg"]
[Date "2001.06.10"]
[Round "2"]
[White "Vaingorten, Yaaqov"]
[Black "Vokarev, Sergey"]
[Result "0-1"]
[WhiteElo "2192"]
[BlackElo "2498"]
[PlyCount "116"]
[EventDate "2001.06.09"]
[EventType "swiss"]
[EventRounds "9"]
[EventCountry "RUS"]
[SourceTitle "CBM 082 Extra"]
[Source "ChessBase"]
[SourceDate "2001.07.03"]
[SourceVersion "1"]
[SourceVersionDate "2001.07.03"]
[SourceQuality "1"]

1. d4 Nf6 2. c4 g6 3. Nc3 d5 4. Nf3 Bg7 5. Bf4 0-0 6. e3 c5 7. dxc5 Qa5 8. Rc1 dxc4 9. Bxc4 Qxc5 10. Bb3 Qa5 11. 0-0 Na6 12. Qe2 Nc5 13. Bc4 Be6 14. Rfd1 Bxc4 15. Qxc4 Ne6 16. Be5 Rac8 17. Qb5 Qxb5 18. Nxb5 a6 19. Nc3 Rc5 20. Na4 Ra5 21. b3 Rd5 22. Nb6 Rxd1+ 23. Rxd1 Rd8 24. Rxd8+ Nxd8 25. Nd4 Ne4 26. Bxg7 Kxg7 27. Kf1 e5 28. Nf3 f6 29. a4 Nc6 30. Nc4 Kf7 31. Nfd2 Nc5 32. Ke2 Ke6 33. f3 Nb4 34. Nb2 Kd5 35. g4 f5 36. gxf5 gxf5 37. Ke1 f4 38. Ke2 Nc2 39. Nd1 Ke6 40. exf4 exf4 41. Nf2 Nd4+ 42. Kf1 Ndxb3 43. Nxb3 Nxb3 44. Nd3 Kf5 45. Kg2 b6 46. Kh3 Nc5 47. Nb2 Kg5 48. Kg2 Kh4 49. h3 b5 50. axb5 axb5 51. Kh2 b4 52. Kg2 b3 53. Kh2 Kg5 54. Kg2 Kf5 55. Kf2 Ke5 56. Ke2 Kd4 57. Kd2 h6 58. Nd1 Na4 0-1